LOTR Screenshots: The Return of the King Quiz Stats

 Plays Quiz not verified by Sporcle

Score 0/16 Timer 06:00
0 Plays Today
% Correct
My precious!
96.8%
The Shire has been saved. But not for me
93.6%
I can carry you!
93.4%
It's better if you don't speak at all
91.6%
Tell me why my son is dead
91.1%
Do not come between the Nazgûl and his prey
90.1%
My master bids thee welcome
85.9%
Release the prisoners!
85.4%
% Correct
An Elf will go underground, a Dwarf dares not
84.8%
What say you?
84.3%
Dwarves are stubborn
83.5%
The power of the Three Rings is ended
83.1%
Do not grieve for those whose time has come
82.3%
I would not use the Ring
82.2%
Only the King of Gondor commands me
72.6%
War is the province of men
63.6%

You're not logged in!

Compare scores with friends on all Sporcle quizzes.
OR
Log In

Show Comments

Extras

Top Quizzes Today


Score Distribution

Your Account Isn't Verified!

In order to create a playlist on Sporcle, you need to verify the email address you used during registration. Go to your Sporcle Settings to finish the process.

Report this User

Report this user for behavior that violates our Community Guidelines.

Details: